[Event "Krapina op 12th"]
[Site "Krapina"]
[Date "2024.01.21"]
[Round "6"]
[White "Kristic, Patrik"]
[Black "Jakupec, Denis"]
[Result "1-0"]
[WhiteElo "1814"]
[BlackElo "1967"]
[PlyCount "127"]
[EventDate "2024.01.19"]
[EventType "swiss"]
[EventRounds "7"]
[EventCountry "CRO"]
[SourceTitle "CB06_2024"]
[SourceDate "2024.02.07"]
[SourceVersion "1"]
[SourceVersionDate "2024.02.07"]
[SourceQuality "1"]

1. e4 e5 2. Nf3 Nc6 3. Bb5 a6 4. Ba4 Nf6 5. 0-0 Be7 6. Re1 b5 7. Bb3 d6 8. c3 0-0 9. h3 Bb7 10. d3 Re8 11. Nbd2 Bf8 12. Nf1 Na5 13. Bc2 c5 14. Ng3 g6 15. Nh2 d5 16. Ng4 Bg7 17. Bg5 Qd6 18. Nh6+ Kf8 19. Qf3 Re6 20. Rad1 Rd8 21. a3 b4 22. axb4 cxb4 23. c4 d4 24. Ra1 Nc6 25. Ba4 Ne7 26. Bb3 Qc5 27. Ra4 Neg8 28. Ng4 h5 29. Nh2 Ra8 30. Rea1 a5 31. R4a2 Ne7 32. Qe2 Nc8 33. Ba4 Bc6 34. b3 Bxa4 35. Rxa4 Nb6 36. R4a2 Ree8 37. f4 Nh7 38. Ngf1 f6 39. Bh4 exf4 40. Qf3 Kg8 41. Bf2 Qe5 42. g3 Ng5 43. Qd1 Nxh3+ 44. Kg2 Nxf2 45. Kxf2 fxg3+ 46. Nxg3 Bh6 47. Nf3 Qf4 48. Qe2 h4 49. Nf1 f5 50. e5 g5 51. Kg1 a4 52. bxa4 Nd7 53. e6 Nc5 54. e7 Bg7 55. a5 Bf6 56. a6 Rxe7 57. Qg2 g4 58. Nxh4 Raa7 59. Ng6 Qd6 60. Nxe7+ Bxe7 61. Qe2 Bg5 62. Re1 Rxa6 63. Rxa6 Nxa6 64. Qe6+ 1-0

[Event "Krapina op 12th"]
[Site "Krapina"]
[Date "2024.01.20"]
[Round "4"]
[White "Ognjenovic, Nenad"]
[Black "Jakupec, Denis"]
[Result "1/2-1/2"]
[WhiteElo "1756"]
[BlackElo "1967"]
[PlyCount "26"]
[EventDate "2024.01.19"]
[EventType "swiss"]
[EventRounds "7"]
[EventCountry "CRO"]
[SourceTitle "CB06_2024"]
[SourceDate "2024.02.07"]
[SourceVersion "1"]
[SourceVersionDate "2024.02.07"]
[SourceQuality "1"]

1. d4 Nf6 2. c4 g6 3. Nc3 Bg7 4. e4 d6 5. f4 0-0 6. Nf3 c5 7. d5 e6 8. Bd3 exd5 9. cxd5 Bg4 10. 0-0 Nbd7 11. h3 Bxf3 12. Rxf3 a6 13. a4 Rb8 1/2-1/2

[Event "Garesnica op"]
[Site "Garesnica"]
[Date "2023.06.09"]
[Round "3"]
[White "Jakupec, Denis"]
[Black "Vujec, Ivan"]
[Result "0-1"]
[WhiteElo "1967"]
[BlackElo "2215"]
[PlyCount "70"]
[EventDate "2023.06.08"]
[EventType "swiss"]
[EventRounds "7"]
[EventCountry "CRO"]
[SourceTitle "CBM 214 Extra"]
[Source "ChessBase"]
[SourceDate "2023.07.31"]
[SourceVersion "1"]
[SourceVersionDate "2023.07.31"]
[SourceQuality "1"]

1. Nf3 f5 2. g3 Nf6 3. Bg2 d6 4. d4 e6 5. 0-0 Be7 6. c4 0-0 7. Nc3 a5 8. Re1 Ne4 9. Qc2 Nxc3 10. bxc3 Nc6 11. d5 Ne5 12. Nd4 Nxc4 13. dxe6 c6 14. e4 c5 15. Nxf5 Bxe6 16. Bf4 Bg5 17. Bxg5 Qxg5 18. Rad1 Rfd8 19. f4 Qf6 20. Ne3 Rab8 21. Nd5 Bxd5 22. Rxd5 b5 23. e5 Qe7 24. e6 Nb6 25. Rf5 Rf8 26. Rxf8+ Rxf8 27. Bc6 b4 28. c4 Rc8 29. Bd5 Nxd5 30. cxd5 c4 31. Re4 c3 32. Re2 Qa7+ 33. Kg2 Qd4 34. e7 Qxd5+ 35. Kg1 Re8 0-1

[Event "Hum na Sutli op 13th"]
[Site "Hum na Sutli"]
[Date "2019.08.27"]
[Round "5"]
[White "Jakupec, Denis"]
[Black "Kolednjak, Tomislav"]
[Result "1/2-1/2"]
[WhiteElo "2017"]
[BlackElo "1968"]
[PlyCount "24"]
[EventDate "2019.08.24"]
[EventType "swiss"]
[EventRounds "9"]
[EventCountry "CRO"]
[SourceTitle "EXT 2020"]
[Source "ChessBase"]
[SourceDate "2019.10.17"]
[SourceVersion "1"]
[SourceVersionDate "2019.10.17"]
[SourceQuality "1"]

1. d4 Nf6 2. c4 g6 3. Nf3 Bg7 4. g3 0-0 5. Bg2 d5 6. cxd5 Nxd5 7. 0-0 Nb6 8. Nc3 Nc6 9. e3 Re8 10. Re1 a5 11. h3 e5 12. d5 Nb4 1/2-1/2

[Event "Krapina op 9th"]
[Site "Krapina"]
[Date "2019.01.20"]
[Round "7"]
[White "Jakupec, Denis"]
[Black "Bender, Ivan"]
[Result "0-1"]
[WhiteElo "2022"]
[BlackElo "2206"]
[PlyCount "50"]
[EventDate "2019.01.17"]
[EventType "swiss"]
[EventRounds "7"]
[EventCountry "CRO"]
[SourceTitle "CBM 188 Extra"]
[Source "ChessBase"]
[SourceDate "2019.02.26"]
[SourceVersion "1"]
[SourceVersionDate "2019.02.26"]
[SourceQuality "1"]

1. d4 Nf6 2. c4 g6 3. Nf3 Bg7 4. g3 d5 5. cxd5 Nxd5 6. Bg2 Nb6 7. Nc3 Nc6 8. e3 0-0 9. 0-0 Re8 10. Re1 Rb8 11. h3 e5 12. Nxe5 Nxe5 13. dxe5 Bxe5 14. f4 Qxd1 15. Rxd1 Bxc3 16. bxc3 f5 17. a4 Be6 18. Rd4 c5 19. Rd6 Kf7 20. Bf1 Nd5 21. Bc4 Nxc3 22. Rxe6 Rxe6 23. Bb2 Ne4 24. Be5 Rd8 25. Rb1 Rd7 0-1

[Event "Krapina-ch 8th "]
[Site "Krapina"]
[Date "2018.01.21"]
[Round "6"]
[White "Putar, Leon"]
[Black "Jakupec, Denis"]
[Result "0-1"]
[WhiteElo "1660"]
[BlackElo "2077"]
[PlyCount "74"]
[EventDate "2018.01.18"]
[EventType "swiss"]
[EventRounds "7"]
[EventCountry "CRO"]
[SourceTitle "EXT 2019"]
[Source "ChessBase"]
[SourceDate "2018.10.10"]
[SourceVersion "1"]
[SourceVersionDate "2018.10.10"]
[SourceQuality "1"]

1. e4 c5 2. Nf3 d6 3. c3 Nf6 4. Qc2 g6 5. d4 Bg7 6. Bd3 0-0 7. 0-0 cxd4 8. cxd4 Nc6 9. h3 Nd7 10. Be3 e5 11. d5 Nb4 12. Qd2 Nxd3 13. Qxd3 h6 14. Nc3 f5 15. exf5 gxf5 16. Qc2 f4 17. Bd2 Nc5 18. Rfe1 Bf5 19. Qd1 Rc8 20. Bc1 Qb6 21. Re2 Bh7 22. Ne1 e4 23. Na4 Qa6 24. Nxc5 Rxc5 25. Rc2 Qb5 26. Rxc5 Qxc5 27. Qc2 Qxd5 28. Qb3 Qxb3 29. axb3 a6 30. Kf1 Be5 31. Ke2 Rc8 32. Ra2 d5 33. Ra5 Rxc1 34. Rxd5 Bxb2 35. Rd8+ Kg7 36. Rd7+ Kg6 37. Rxb7 Bc3 0-1

[Event "Krapina-ch 8th "]
[Site "Krapina"]
[Date "2018.01.20"]
[Round "4"]
[White "Tretinjak, Dario"]
[Black "Jakupec, Denis"]
[Result "1/2-1/2"]
[WhiteElo "1858"]
[BlackElo "2077"]
[PlyCount "36"]
[EventDate "2018.01.18"]
[EventType "swiss"]
[EventRounds "7"]
[EventCountry "CRO"]
[SourceTitle "EXT 2019"]
[Source "ChessBase"]
[SourceDate "2018.10.10"]
[SourceVersion "1"]
[SourceVersionDate "2018.10.10"]
[SourceQuality "1"]

1. d4 Nf6 2. c4 g6 3. Nc3 Bg7 4. e4 d6 5. Nf3 0-0 6. Be2 e5 7. d5 a5 8. 0-0 Na6 9. h3 Nc5 10. Qc2 Nh5 11. Be3 f5 12. Bxc5 dxc5 13. exf5 Bxf5 14. Ne4 Nf4 15. Rad1 Qe7 16. Kh2 Rae8 17. Ng1 b6 18. Bf3 Bxe4 1/2-1/2

[Event "Podturen Mavrin Memorial 6th"]
[Site "Podturen"]
[Date "2018.01.05"]
[Round "2"]
[White "Jakupec, Denis"]
[Black "Mesar, Antun"]
[Result "1/2-1/2"]
[WhiteElo "2077"]
[BlackElo "1767"]
[PlyCount "29"]
[EventDate "2018.01.04"]
[EventType "swiss"]
[EventRounds "7"]
[EventCountry "CRO"]
[SourceTitle "CBM 182 Extra"]
[Source "ChessBase"]
[SourceDate "2018.02.23"]
[SourceVersion "1"]
[SourceVersionDate "2018.02.23"]
[SourceQuality "1"]

1. d4 d5 2. c4 e6 3. Nf3 Nf6 4. g3 Nbd7 5. Bg2 c6 6. Qc2 Bd6 7. 0-0 0-0 8. Nfd2 e5 9. cxd5 Nxd5 10. Nc4 Bc7 11. dxe5 Nxe5 12. Rd1 Nxc4 13. Qxc4 Ne3 14. Rxd8 Nxc4 15. Rxf8+ 1/2-1/2

[Event "Zagreb op"]
[Site "Zagreb"]
[Date "2015.04.18"]
[Round "2"]
[White "Jakupec, Denis"]
[Black "Palac, Mladen"]
[Result "1/2-1/2"]
[WhiteElo "2134"]
[BlackElo "2581"]
[PlyCount "46"]
[EventDate "2015.04.17"]
[EventType "swiss"]
[EventRounds "9"]
[EventCountry "CRO"]
[SourceTitle "CBM 166 Extra"]
[Source "ChessBase"]
[SourceDate "2015.06.18"]
[SourceVersion "1"]
[SourceVersionDate "2015.06.18"]
[SourceQuality "1"]

1. d4 Nf6 2. c4 e6 3. g3 Bb4+ 4. Bd2 Qe7 5. Nf3 Bxd2+ 6. Qxd2 Nc6 7. Nc3 d5 8. Bg2 dxc4 9. 0-0 0-0 10. Ne5 Nxe5 11. dxe5 Nd7 12. Qd4 Qb4 13. Rfd1 a6 14. f4 Rb8 15. Ne4 Qb6 16. Rac1 Qxd4+ 17. Rxd4 b5 18. b3 Nb6 19. Nc5 f6 20. exf6 gxf6 21. Rcd1 cxb3 22. axb3 Nd5 23. Bxd5 exd5 1/2-1/2

[Event "CRO-chT2 Center"]
[Site "Croatia"]
[Date "2011.10.02"]
[Round "8.33"]
[White "Jakupec, Denis"]
[Black "Blazeka, Matej"]
[Result "1/2-1/2"]
[WhiteElo "2091"]
[BlackElo "2163"]
[PlyCount "21"]
[EventDate "2011.03.20"]
[EventType "team-tourn"]
[EventRounds "11"]
[EventCountry "CRO"]
[SourceTitle "EXT 2014"]
[Source "ChessBase"]
[SourceDate "2013.11.20"]
[SourceVersion "1"]
[SourceVersionDate "2013.11.20"]
[SourceQuality "1"]

1. d4 d5 2. Nf3 Nf6 3. c4 e6 4. Nc3 Be7 5. Bg5 0-0 6. e3 b6 7. Bd3 h6 8. Bh4 Bb7 9. 0-0 Nbd7 10. Qe2 Ne4 11. Bg3 1/2-1/2

[Event "CRO-chT2 Center"]
[Site "Croatia"]
[Date "2011.03.20"]
[Round "2.65"]
[White "Jakupec, Denis"]
[Black "Matko, Ognjen"]
[Result "1/2-1/2"]
[WhiteElo "2091"]
[BlackElo "2236"]
[PlyCount "40"]
[EventDate "2011.03.20"]
[EventType "team-tourn"]
[EventRounds "11"]
[EventCountry "CRO"]
[SourceTitle "EXT 2014"]
[Source "ChessBase"]
[SourceDate "2013.11.20"]
[SourceVersion "1"]
[SourceVersionDate "2013.11.20"]
[SourceQuality "1"]

1. d4 Nf6 2. Nf3 e6 3. c4 b6 4. g3 Bb7 5. Bg2 Be7 6. 0-0 0-0 7. Nc3 Ne4 8. Bd2 Nxd2 9. Qxd2 d6 10. d5 e5 11. e4 Nd7 12. b4 g6 13. a3 Kh8 14. Ne1 f5 15. Nd3 c5 16. dxc6 Bxc6 17. Nd5 Bxd5 18. cxd5 b5 19. Qe2 fxe4 20. Bxe4 Qb6 1/2-1/2

[Event "Hum na Sutli op"]
[Site "Hum na Sutli"]
[Date "2009.11.21"]
[Round "1"]
[White "Jakupec, Denis"]
[Black "Mezak, Damir"]
[Result "0-1"]
[WhiteElo "2154"]
[BlackElo "1804"]
[PlyCount "56"]
[EventDate "2009.11.21"]
[EventType "swiss"]
[EventRounds "6"]
[EventCountry "CRO"]
[SourceTitle "CBM 133 Extra"]
[Source "ChessBase"]
[SourceDate "2010.01.05"]
[SourceVersion "1"]
[SourceVersionDate "2010.01.05"]
[SourceQuality "1"]

1. d4 Nf6 2. Nf3 g6 3. c4 Bg7 4. Nc3 0-0 5. e4 d6 6. Be2 e5 7. 0-0 Nc6 8. d5 Ne7 9. Ne1 Ne8 10. Nd3 f5 11. f3 Bd7 12. c5 a5 13. Be3 Nf6 14. Qb3 Qb8 15. Rac1 Kh8 16. Nb5 fxe4 17. fxe4 Nxe4 18. Rxf8+ Qxf8 19. Nxc7 Rc8 20. cxd6 Nxd6 21. g4 Qf6 22. Rf1 Qh4 23. Ne6 Ne4 24. Qxb7 Ng3 25. Bf3 Nxf1 26. Qxd7 Nxe3 27. d6 Rc1+ 28. Nxc1 Qe1# 0-1

[Event "CRO-chT2b"]
[Site "Croatia"]
[Date "2009.03.08"]
[Round "3"]
[White "Jakupec, Denis"]
[Black "Matko, Ognjen"]
[Result "0-1"]
[WhiteElo "2162"]
[BlackElo "2238"]
[PlyCount "58"]
[EventDate "2009.03.01"]
[EventType "team-tourn"]
[EventRounds "11"]
[EventCountry "CRO"]
[SourceTitle "EXT 2010"]
[Source "ChessBase"]
[SourceDate "2010.11.25"]
[SourceVersion "1"]
[SourceVersionDate "2010.11.25"]
[SourceQuality "1"]

1. d4 Nf6 2. Nf3 g6 3. c4 Bg7 4. Nc3 0-0 5. e4 d6 6. Be2 e5 7. 0-0 Nc6 8. d5 Ne7 9. Nd2 a5 10. a3 Nd7 11. Rb1 f5 12. b4 axb4 13. axb4 Nf6 14. f3 f4 15. c5 g5 16. Nc4 Ng6 17. Ba3 Rf7 18. b5 Bf8 19. b6 dxc5 20. Qb3 cxb6 21. Nxb6 c4 22. Nxc4 Rxa3 23. Nxa3 Bc5+ 24. Kh1 Nh5 25. h3 Ng3+ 26. Kh2 g4 27. fxg4 Qh4 28. Bf3 h5 29. gxh5 Bxh3 0-1